000 00757cam a22002533a 4500
001 4287
003 PGUSA
005 20140828083051.0
008 030701s2003||||xxu|||||s|||||000 1 eng d
040 _aPGUSA
_beng
042 _adc
050 4 _aPR
100 1 _aLocke, William John,
_d1863-1930
245 1 4 _aThe Red Planet
_h[electronic resource] /
_cWilliam John Locke
260 _bProject Gutenberg,
_c2003
506 _aPublic domain in the USA.
516 _aElectronic text
653 _aWorld War, 1914-1918 -- England -- Fiction
653 _aDisabled veterans -- England -- Fiction
653 _aPeople with disabilities -- Fiction
830 0 _aProject Gutenberg
_v4287
856 4 0 _uhttp://www.gutenberg.org/ebooks/4287
942 _cEB
999 _c233616
_d233616